[Event "XXXII Belgrade Trophy 2018"]
[Site "Belgrade"]
[Date "2018.11.25"]
[Round "2"]
[White "Sahin, Ozgun"]
[Black "Blagojevic, Dragisa"]
[Result "0-1"]
[WhiteElo "2208"]
[BlackElo "2494"]
[Annotator "ChessBase"]
[PlyCount "34"]
[EventDate "2018.11.24"]
[EventType "swiss"]
[EventCountry "SRB"]
[SourceTitle "playchess.com"]
[Source "ChessBase"]
[SourceQuality "1"]
[TimeControl "40/5400+30:900+30"]

1. e4 {[%emt 0:00:00]} e5 {[%emt 0:01:02]} 2. Nc3 {[%emt 0:00:00]} Nc6 {[%emt 0:00:19]} 3. g3 {[%emt 0:00:00]} Bc5 {[%emt 0:00:36]} 4. Bg2 {[%emt 0:00:00]} a6 {[%emt 0:00:12]} 5. Nge2 {[%emt 0:00:00]} d6 {[%emt 0:00:18]} 6. O-O {[%emt 0:00:04]} Nf6 {[%emt 0:04:11]} 7. h3 {[%emt 0:00:40]} Be6 {[%emt 0:01:23]} 8. Kh2 {[%emt 0:01:38]} h5 {[%emt 0:03:40]} 9. f4 {[%emt 0:01:27]} Ng4+ {[%emt 0:01:02]} 10. hxg4 {[%emt 0:12:42]} hxg4+ {[%emt 0:00:08]} 11. Bh3 {[%emt 0:00:03]} Rxh3+ {[%emt 0:02:50]} 12. Kg2 {[%emt 0:00:01]} Qf6 {[%emt 0:03:59]} 13. Rh1 {[%emt 0:00:08]} exf4 {[%emt 0:06:35]} 14. Nxf4 {[%emt 0:07:07]} g5 {[%emt 0:01:42]} 15. d4 {[%emt 0:06:01]} gxf4 {[%emt 0:02:54]} 16. dxc5 {[%emt 0:02:11]} fxg3 {[%emt 0:02:09]} 17. Qe2 {[%emt 0:06:45]} Qf3+ {[%emt 0:01:19]} 0-1

[Event "XXXII Belgrade Trophy 2018"]
[Site "Belgrade"]
[Date "2018.11.25"]
[Round "2"]
[White "Weinzettl, Ernst"]
[Black "Sanal, Vahap"]
[Result "0-1"]
[WhiteElo "2204"]
[BlackElo "2485"]
[Annotator "TA"]
[PlyCount "66"]
[EventDate "2018.11.24"]
[EventType "swiss"]
[EventCountry "SRB"]
[SourceTitle "playchess.com"]
[Source "ChessBase"]
[SourceQuality "1"]

{[%evp 9,66,5,-4,-5,-4,-7,-15,-10,-8,-16,-15,-27,-21,-27,-12,-33,-10,-7,0,-10,0,-14,6,0,0,-33,9,9,45,-24,0,-66,-62,-89,-94,-85,-87,-112,-118,-116,-112,-113,-107,-112,-113,-131,-127,-154,-97,-187,-187,-274,-261,-514,-503,-514,-514,-506,-500]} 1. d4 Nf6 2. Bg5 e6 3. Nd2 h6 4. Bxf6 (4. Bh4 c5 5. e4 cxd4 6. e5 g5 7. Bg3 Nd5 8. h4 Nc6 9. hxg5 Qxg5 10. Ngf3 Qd8 11. Bc4 d6 12. Bxd5 exd5 {1-0 (27) Vitiugov,N (2734)-Hou,Y (2658) Belokurikha 2018}) 4... Qxf6 5. e3 d6 6. g3 $146 {A45: Trompowsky Attack} ({Predecessor:} 6. Bd3 Nd7 7. c3 g6 8. f4 Bg7 9. Ngf3 Qe7 {½-½ (9) Markovic,M (2498)-Lajthajm,B (2525) Vrnjacka Banja 2014}) 6... e5 7. c3 g6 8. Bg2 {The position is equal.} Bg7 9. Ne2 Qe7 10. Nc4 O-O 11. O-O Nd7 12. b4 e4 13. Nd2 Nf6 14. c4 Bf5 15. Nc3 c5 16. bxc5 dxc5 17. Re1 Rfd8 18. d5 h5 19. Qe2 (19. Rb1 $14) 19... g5 20. f3 ({White should play} 20. Rac1 $11) 20... exf3 $15 21. Qxf3 Bg6 22. Rad1 Ng4 23. d6 Qxd6 24. Nde4 Qe5 {White must now prevent ...f5.} 25. Nd5 Rac8 26. h3 {[#]} Nh6 $1 27. Rf1 Kh8 28. Ndf6 h4 (28... Bxf6 $142 29. Qxf6+ Qxf6 30. Nxf6 Nf5) 29. g4 (29. gxh4 $17 {is a better defense.} gxh4 30. Rd5 Rxd5 31. Nxd5) 29... Ng8 30. Nxg8 (30. Rd5 $142 Rxd5 31. Nxd5) 30... Kxg8 $19 ({Not} 30... Rxg8 31. Rd5 $15) 31. Rd5 $2 {[#]} (31. a4) 31... Rxd5 {Black is clearly winning.} 32. cxd5 c4 {[%cal Bc5c4,Bc4c3][%mdl 32]} 33. d6 c3 {Accuracy: White = 33%, Black = 59%.} 0-1

[Event "XXXII Belgrade Trophy 2018"]
[Site "Belgrade"]
[Date "2018.11.25"]
[Round "2"]
[White "Krstonijevic, Stjepan"]
[Black "Lajthajm, Borko"]
[Result "0-1"]
[WhiteElo "2195"]
[BlackElo "2407"]
[Annotator "ChessBase"]
[PlyCount "46"]
[EventDate "2018.11.24"]
[EventType "swiss"]
[EventCountry "SRB"]
[SourceTitle "playchess.com"]
[Source "ChessBase"]
[SourceQuality "1"]
[TimeControl "40/5400+30:900+30"]

1. e4 {[%emt 0:00:00]} c5 {[%emt 0:00:07]} 2. Nf3 {[%emt 0:00:00]} a6 {[%emt 0:00:06]} 3. b3 {[%emt 0:00:00]} d6 {[%emt 0:00:37]} 4. Bb2 {[%emt 0:00:00]} Nc6 {[%emt 0:00:32]} 5. a4 {[%emt 0:04:18]} Bg4 {[%emt 0:01:04]} 6. h3 {[%emt 0:01:09]} Bh5 {[%emt 0:00:08]} 7. Be2 {[%emt 0:01:06]} e6 {[%emt 0:00:06]} 8. O-O {[%emt 0:00:46]} Nf6 {[%emt 0:00:22]} 9. e5 {[%emt 0:02:45]} Nd5 {[%emt 0:01:07]} 10. exd6 {[%emt 0:00:46]} Nf4 {[%emt 0:01:01]} 11. Nc3 {[%emt 0:11:57]} Nxe2+ {[%emt 0:01:18]} 12. Qxe2 {[%emt 0:02:13]} Nd4 {[%emt 0:00:07]} 13. Qe4 {[%emt 0:00:15]} Bxf3 {[%emt 0:00:13]} 14. gxf3 {[%emt 0:00:17]} Bxd6 {[%emt 0:00:23]} 15. Qg4 {[%emt 0:04:54]} O-O {[%emt 0:03:14]} 16. Rfc1 {[%emt 0:17:44]} f5 {[%emt 0:00:40]} 17. Qg2 {[%emt 0:05:49]} Rf6 {[%emt 0:00:07]} 18. Kf1 {[%emt 0:00:02]} Rg6 {[%emt 0:01:37]} 19. Qh1 {[%emt 0:00:04]} Bf4 {[%emt 0:01:37]} 20. Ne2 {[%emt 0:02:49]} Nxe2 {[%emt 0:00:53]} 21. Kxe2 {[%emt 0:01:43]} Qxd2+ {[%emt 0:00:07]} 22. Kf1 {[%emt 0:00:07]} c4 {[%emt 0:00:20]} 23. bxc4 {[%emt 0:01:37]} Qb4 {[%emt 0:00:20]} 0-1

[Event "XXXII Belgrade Trophy 2018"]
[Site "Belgrade"]
[Date "2018.11.25"]
[Round "2"]
[White "Jovanovic, Sasa T"]
[Black "Abramovic, Bosko"]
[Result "1/2-1/2"]
[WhiteElo "2185"]
[BlackElo "2372"]
[Annotator "TA"]
[PlyCount "45"]
[EventDate "2018.11.24"]
[EventType "swiss"]
[EventCountry "SRB"]
[SourceTitle "playchess.com"]
[Source "ChessBase"]
[SourceQuality "1"]

{[%evp 11,45,22,42,-1,48,-239,55,-30,61,-340,69,-360,132,-297,101,-289,179,-69,336,50,524,-106,754,-95,581,185,626,31,486,-197,540,-399,105,-240,298,-269]} 1. d4 Nf6 2. c4 e6 3. Nc3 d5 4. Bg5 Nbd7 5. e3 c6 6. Bd3 Be7 {LiveBook: 9 Games. D51: Queen's Gambit Declined: 4 Bg5 Nbd7 sidelines} (6... Bd6 7. Qc2 Nf8 8. Nge2 Ng6 9. cxd5 exd5 10. O-O-O O-O 11. Bxg6 hxg6 12. f3 b5 13. g4 b4 14. Na4 Ba6 15. Nf4 Bb5 16. Nc5 Qe7 17. Rhe1 Bxc5 18. dxc5 {1-0 (50) Morozevich,A (2755)-Savchenko,B (2583) Moscow 2007}) 7. Qc2 Nh5 $146 ({Predecessor:} 7... dxc4 8. Bxc4 Nd5 9. Bxe7 Qxe7 10. Nf3 O-O 11. O-O h6 12. Rac1 N7b6 13. Bb3 Nf6 14. Ne4 Nxe4 15. Qxe4 Nd5 16. Bxd5 cxd5 17. Qf4 b6 18. Rc7 Qe8 19. Rfc1 Ba6 20. Ne5 Rc8 21. h4 Qd8 22. Nxf7 {1-0 (22) Lajthajm,B (2435)-Jovic,S (2160) Novi Sad 2016}) 8. Nge2 $2 {[%mdl 8192]} (8. Bxe7 $14 {keeps the upper hand.} Qxe7 9. Nf3) 8... g6 $2 (8... Bxg5 $19 9. cxd5 g6 10. dxe6 fxe6) 9. g4 (9. Bxe7 $14 Qxe7 10. O-O) 9... Ng7 (9... Bxg5 $11 10. gxh5 Bh4) 10. O-O-O $2 {[%mdl 8192]} (10. Bh6 $14 {was forced to keep a grip.} O-O 11. h3) 10... Nb6 $2 (10... Bxg5 $19 11. f4 Bh4) 11. h3 $2 {[%mdl 8192]} (11. Bh6 $14 {stays ahead.} dxc4 12. Bxg7 cxd3 13. Qxd3) 11... Bd7 $2 (11... dxc4 12. Bxe7 cxd3 13. Bxd8 $19) (11... Bxg5 $19 12. b3 Be7) 12. Kb1 $2 {[%mdl 8192]} (12. Bxe7 $16 {and life is bright.} Qxe7 13. c5) 12... f5 $2 (12... dxc4 $19 13. Bxg6 Bxg5 14. Bxh7 Nd5) 13. Rhg1 $2 {[%mdl 8192]} (13. Bh6 $16 {keeps the pressure on.}) 13... fxg4 $4 {[%mdl 8192]} (13... dxc4 $19 14. Bxc4 Bxg5 15. gxf5 exf5) 14. hxg4 $2 (14. Bf4 $18) 14... a5 $2 {[%mdl 8192] [#]} (14... Bxg5 $15 15. c5 Nc4 16. Bxc4 dxc4) 15. Na4 $2 (15. Bxg6+ $1 $18 {[%mdl 512]} Kf8 (15... hxg6 16. Qxg6+) 16. Bxe7+ Qxe7 17. Bxh7) 15... Bc8 $2 {[%mdl 8192]} (15... Bxg5 $14 16. Bxg6+ Kf8 17. Nxb6 Qxb6) 16. Nc5 $2 (16. Nxb6 $18 Qxb6 17. Bxg6+ $1 {[%mdl 576] Double Attack} Kd7 18. Bxe7 Kxe7 19. Bxh7) 16... Rf8 $2 {[%mdl 8192] [#]} (16... Bxg5 $17 17. Rh1 Bh4) 17. Rd2 $2 (17. Bxg6+ $1 $18 {[%mdl 512]} hxg6 18. Qxg6+ Rf7 19. Rh1) 17... Rf6 $2 {[%mdl 8192]} (17... Nxc4 $6 18. Bxc4 Bxg5 19. f4 $16) (17... Bxg5 $17 {stays on course.} 18. Rh1 Bh4) 18. Rg3 $2 (18. Bxf6 Bxf6 19. Bxg6+ $1 {[%mdl 512]} Kf8 20. cxd5 exd5 21. Bd3) 18... Qc7 $2 (18... dxc4 19. Bxf6 (19. Bxc4 Rxf2 20. Bxe7 Qxe7 $16) 19... cxd3 20. Qxd3 Bxf6) 19. b4 $2 ({Better is} 19. Rh3 $18 Rf7 20. Bf4) 19... h6 $2 {[%mdl 8192]} (19... dxc4 $14 20. Bxf6 (20. Bxc4 Rxf2 21. Bxe7 Nxc4 $11) 20... cxd3 21. Qxd3 Bxf6) 20. Rh3 $4 {[%mdl 8192]} (20. Bxf6 $18 Bxf6 21. Rh3) 20... Rf8 $4 {[%mdl 8192]} (20... hxg5 $19 21. Rh8+ Bf8) 21. Rh4 $4 {[%mdl 8192]} (21. Bxh6 $18 {and life is good for White.} Bd6 22. Bg5) 21... h5 $2 {[#]} (21... hxg5 22. Rh7 $17) (21... Bxg5 $19 22. Rh1 Rxf2) 22. gxh5 $2 {[%mdl 8192]} ({Inferior is} 22. Bxg6+ Kd8 $17) (22. Bxe7 $1 $16 {is forced if you want to stay better.} Qxe7 23. Rh1 (23. Bxg6+ Kd8 $17)) 22... Rh8 $4 {[%mdl 8192]} (22... Bxg5 $19 23. Rg4 Qe7 24. bxa5 Rxa5) 23. Rh2 $4 {[%mdl 40960] Accuracy: White =  0%, Black =  0%. . An unexpected result.} ({Don't do} 23. Bxg6+ Kd8 $18) (23. Bf4 $18 {avoids the disaster.} Qd8 24. Rg4 (24. Bxg6+ Kf8 $16)) 1/2-1/2

[Event "XXXII Belgrade Trophy 2018"]
[Site "Belgrade"]
[Date "2018.11.25"]
[Round "2"]
[White "Vulinovic, Radivoje"]
[Black "Rajkovic, Mladen"]
[Result "0-1"]
[WhiteElo "2163"]
[BlackElo "2355"]
[Annotator "ChessBase"]
[PlyCount "60"]
[EventDate "2018.11.24"]
[EventType "swiss"]
[EventCountry "SRB"]
[SourceTitle "playchess.com"]
[Source "ChessBase"]
[SourceQuality "1"]
[TimeControl "40/5400+30:900+30"]

1. Nf3 {[%emt 0:00:00]} d5 {[%emt 0:09:00]} 2. g3 {[%emt 0:00:00]} g6 {[%emt 0:00:12]} 3. Bg2 {[%emt 0:00:00]} Bg7 {[%emt 0:00:05]} 4. d4 {[%emt 0:00:04]} Nf6 {[%emt 0:00:19]} 5. O-O {[%emt 0:00:08]} O-O {[%emt 0:00:05]} 6. c4 {[%emt 0:00:22]} dxc4 {[%emt 0:00:08]} 7. Na3 {[%emt 0:00:28]} c3 {[%emt 0:00:08]} 8. bxc3 {[%emt 0:00:18]} c5 {[%emt 0:00:08]} 9. Re1 {[%emt 0:03:32]} Nc6 {[%emt 0:02:08]} 10. Bb2 {[%emt 0:00:30]} Qb6 {[%emt 0:04:54]} 11. Nc4 {[%emt 0:08:26]} Qa6 {[%emt 0:01:31]} 12. Nfe5 {[%emt 0:01:30]} Nxe5 {[%emt 0:10:39]} 13. Nxe5 {[%emt 0:00:14]} Nd7 {[%emt 0:00:16]} 14. Nd3 {[%emt 0:04:04]} Rd8 {[%emt 0:07:09]} 15. Qc2 {[%emt 0:04:00]} Qa5 {[%emt 0:03:49]} 16. Red1 {[%emt 0:03:12]} c4 {[%emt 0:03:25]} 17. Nf4 {[%emt 0:05:13]} Nb6 {[%emt 0:05:10]} 18. e4 {[%emt 1:06:59]} Bd7 {[%emt 0:04:34]} 19. Re1 {[%emt 0:00:00]} Ba4 {[%emt 0:05:11]} 20. Qc1 {[%emt 0:00:00]} e5 {[%emt 0:01:48]} 21. Ne2 {[%emt 0:00:00]} Rac8 {[%emt 0:02:13]} 22. f4 {[%emt 0:00:00]} exd4 {[%emt 0:04:01]} 23. cxd4 {[%emt 0:00:00]} c3 {[%emt 0:01:00]} 24. Ba3 {[%emt 0:00:00]} Bxd4+ {[%emt 0:01:30]} 25. Nxd4 {[%emt 0:00:00]} Rxd4 {[%emt 0:00:03]} 26. f5 {[%emt 0:00:00]} Rd2 {[%emt 0:03:16]} 27. Rb1 {[%emt 0:00:00]} c2 {[%emt 0:02:08]} 28. Bb4 {[%emt 0:00:00]} cxb1=Q {[%emt 0:01:03]} 29. Qxb1 {[%emt 0:00:00]} Rxg2+ {[%emt 0:00:26]} 30. Kxg2 {[%emt 0:00:00]} Qe5 {[%emt 0:00:20]} 0-1

[Event "XXXII Belgrade Trophy 2018"]
[Site "Belgrade"]
[Date "2018.11.26"]
[Round "3"]
[White "Blagojevic, Dragisa"]
[Black "Velickovic, Sasa"]
[Result "1/2-1/2"]
[WhiteElo "2494"]
[BlackElo "2293"]
[Annotator "TA"]
[PlyCount "81"]
[EventDate "2018.11.24"]
[EventType "swiss"]
[EventCountry "SRB"]
[SourceTitle "playchess.com"]
[Source "ChessBase"]
[SourceQuality "1"]

{[%evp 17,81,44,62,43,54,49,74,68,88,40,51,29,24,30,32,25,51,44,50,53,65,65,70,56,122,81,90,86,82,80,90,62,95,76,83,83,102,83,86,73,92,62,105,42,107,91,78,85,144,100,224,228,275,248,179,181,226,239,268,0,0,0,0,0,0,0]} 1. d4 Nf6 2. c4 g6 3. Nf3 Bg7 4. g3 O-O 5. Bg2 c5 6. Nc3 d6 7. O-O Na6 8. b3 Bg4 9. Bb2 {E65: King's Indian: Fianchetto: 6...c5 7 0-0 without d5 by White} Qc8 {LiveBook: 4 Games} (9... Qd7 10. Re1 Rab8 11. Qd2 Bxf3 12. exf3 Rfe8 13. f4 cxd4 14. Qxd4 Nc5 15. Rad1 b6 16. Nd5 Ne6 {1-0 (39) Kasparov,G (2780)-Cebalo,M (2515) Manila 1992}) 10. Re1 Rd8 11. Qd2 {White is slightly better.} Nc7 12. Rac1 Rb8 13. Red1 b6 14. Qe1 $146 ({Predecessor:} 14. Ng5 h6 15. Nge4 Nxe4 16. Nxe4 Ne6 {1-0 (57) Kots,Y-Peev,P Odessa (Ukraine) 1968}) 14... a6 15. Qf1 Bh6 16. Ra1 Bf5 17. e3 Bg7 18. Rac1 {[%cal Ba1c1,Bc1c2,Bc2d2,Bd2d3][%mdl 32]} Re8 19. h3 h5 20. Kh2 Bh6 (20... Ne6 $14) 21. Qe2 Bd7 22. Rc2 Bg7 23. e4 Nh7 24. dxc5 dxc5 25. Rcd2 Bc6 26. e5 Ne6 27. Nd5 Bh6 28. Rd3 Nhf8 29. Qc2 Rb7 30. Ng1 (30. h4 $16) 30... Ng7 (30... b5 $14) 31. Bc1 $36 {[%mdl 2048] Keeping Black busy.} Bxc1 32. Qxc1 Nf5 (32... b5 $142) 33. Ne2 Ne6 (33... Qb8 $16 {is a better defense.}) 34. g4 $18 Nfg7 35. f4 Nf8 36. Bf3 h4 37. Qe3 Qb8 38. Nxe7+ $2 {[#]} (38. Qf2 $18) 38... Rbxe7 $11 {The position is equal.} 39. Bxc6 Rxe5 $1 40. fxe5 Rxe5 41. Qg1 {Accuracy: White = 54%, Black = 32%.} 1/2-1/2

[Event "XXXII Belgrade Trophy 2018"]
[Site "Belgrade"]
[Date "2018.11.26"]
[Round "3"]
[White "Lajthajm, Borko"]
[Black "Medancic, Rikard"]
[Result "1-0"]
[WhiteElo "2407"]
[BlackElo "2210"]
[Annotator "TA"]
[PlyCount "59"]
[EventDate "2018.11.24"]
[EventType "swiss"]
[EventCountry "SRB"]
[SourceTitle "playchess.com"]
[Source "ChessBase"]
[SourceQuality "1"]

{[%evp 19,59,46,38,4,12,5,7,-9,0,-6,-1,-1093,-22,-1164,0,-1140,39,-408,14,-364,27,-680,26,-718,37,-795,58,-497,113,-464,152,-257,-48,-72,-38,-901,873,-286,29998,-289,29998,-73]} 1. e4 g6 2. d4 Bg7 3. Nf3 d6 4. h3 a6 5. a4 b6 (5... Nf6 6. Nc3 O-O 7. Be2 Nc6 8. O-O Nd7 9. Be3 e5 10. Qd2 exd4 11. Nxd4 Re8 12. Bc4 Nde5 {1-0 (35) Quparadze,G (2499)-Benidze,D (2501) Tbilisi 2018}) 6. Bc4 {B06: Modern Defence} e6 7. Bg5 Ne7 8. Nc3 Nd7 {[%cal Bb8d7,Bd7f6,Bf6e4,Be4c3][%mdl 32]} 9. Qd2 h6 10. Be3 Bb7 {LiveBook: 3 Games} 11. Rd1 $146 ({Predecessor:} 11. O-O Kf8 12. Nh2 Nf6 {0-1 (45) Van de Fliert,W (2195)-Van Delft,M (2382) Amsterdam 2006}) 11... Nf6 12. Bd3 d5 13. e5 Ne4 14. Qe2 Nxc3 15. Ra1 $2 {[%mdl 8192]} (15. bxc3 $11 Nf5 16. O-O) 15... Nf5 $2 (15... Nxe2 $19 16. Kxe2 c5 $1 {[%mdl 512]}) 16. O-O $2 {[%mdl 8192]} (16. bxc3 $11 Nxe3 17. Qxe3) 16... O-O $2 (16... Nxe2+ $19 17. Bxe2 c5 $1 {[%mdl 512]}) 17. Bf4 $2 {[%mdl 8192]} (17. bxc3 $11 Nxe3 18. Qxe3) 17... a5 $2 ({Black should try} 17... Nxe2+ $19 18. Bxe2 g5) 18. Qd2 $2 {[%mdl 8192]} (18. bxc3 $14 {is the one way to stay ahead.} Bc6 19. g4) 18... Kh7 $2 ({Better is} 18... Ne4 $19 19. Qe2 g5) 19. g4 $2 {[%mdl 8192]} (19. Qxc3 $11 Nh4 20. Nxh4 Qxh4 21. Be3) 19... Ne7 $2 (19... Ne4 $19 20. Qe1 Ne7) 20. Ra2 $2 {[%mdl 8192]} (20. Qxc3 $11 c5 21. Bb5 (21. dxc5 d4 $11)) 20... Qe8 $2 (20... Nxa2 $19 21. c3 Nc6) 21. Kg2 $2 {[%mdl 8192]} (21. bxc3 $11 Rh8 22. Bb5) 21... Ba6 $2 (21... Nxa2 $19 22. c3 Qxa4) 22. h4 $2 {[%mdl 8192]} (22. bxc3 $14 Rh8 23. Raa1) 22... Kh8 $2 (22... Nxa2 $19 23. Bxa6 Rxa6) 23. Rh1 $2 {[%mdl 8192]} (23. bxc3 $14 {keeps the upper hand.} Bxd3 24. cxd3) 23... Rc8 $2 (23... Nxa2 $19 24. Bxa6 Rxa6 25. Bxh6 f5 26. exf6 Rxf6) 24. h5 $2 {[%mdl 8192]} (24. Qxc3 Bxd3 25. Qxd3 h5 $14) (24. bxc3 $16 Bxd3 25. cxd3) 24... Ng8 $2 (24... Nxa2 25. Bxh6 f5 26. exf6 $11) (24... Bxd3 $19 25. Bxh6 f5 26. bxc3 Be4 27. hxg6 Qxg6 28. Bf4+ Kg8) 25. Raa1 $2 (25. bxc3 $16 {stays on course.} Bxd3 26. Qxd3 (26. cxd3 g5 $14)) 25... f5 $2 (25... Ne4 $19 26. Qe2 Bxd3 27. cxd3 g5) 26. exf6 Nxf6 {And now ...Nce4 would win.} 27. Qe3 $2 {[%mdl 8192]} (27. bxc3 $15 g5 28. Bg6 (28. Bxa6 Ne4 $17)) 27... Qxa4 $4 {[%mdl 8192]} (27... Nxg4 $19 28. Qd2 Ne4 29. Bxe4 dxe4) 28. Ng5 $4 {[%mdl 8192]} (28. Rxa4 $18 {is the narrow road to win.} Bxd3 29. cxd3 Nxg4 30. Qxe6 {[%mdl 64] Double Attack}) 28... Rg8 $4 {[%mdl 8192]} (28... Nxg4 $19 29. Qf3 Qxd4 30. Nxe6 Bxd3 $1 {[%mdl 512]} 31. cxd3 Qxf2+ $1 {[%mdl 512]} 32. Qxf2 Nxf2 33. Nxf8 Rxf8 34. Kxf2 Rxf4+ 35. Ke3 g5 36. bxc3 Bxc3) 29. Kh2 $4 {[%mdl 8192]} (29. Nf7+ Kh7 30. hxg6#) 29... Rce8 $4 {[%mdl 8192]} ({Don't blunder} 29... hxg5 $2 30. hxg6 Rge8 31. Qh3+ (31. Rxa4 Kg8 $16) 31... Kg8 32. Rxa4 $18) ({Don't take} 29... Nxg4+ 30. Kg3 $19) (29... Qe8 $19 30. hxg6 Nxg4+ {[%mdl 64] Double Attack} 31. Kh3 Nxe3 32. Nf7+ {[#]} Qxf7 $1 {[%mdl 576] Promotion} 33. gxf7 Rgf8 34. Bxa6 Nxc2 35. bxc3 Ra8) 30. Kg3 $2 {[%mdl 32768] Accuracy: White =  3%, Black = 10%. . Sensor Board Error (Ke4/e5)?} (30. Nf7+ {mates} Kh7 31. hxg6#) 1-0

[Event "XXXII Belgrade Trophy 2018"]
[Site "Belgrade"]
[Date "2018.11.26"]
[Round "3"]
[White "Rajkovic, Mladen"]
[Black "Gunduz, Umut Erdem"]
[Result "1/2-1/2"]
[WhiteElo "2355"]
[BlackElo "2205"]
[Annotator "TA"]
[PlyCount "58"]
[EventDate "2018.11.24"]
[EventType "swiss"]
[EventCountry "SRB"]
[SourceTitle "playchess.com"]
[Source "ChessBase"]
[SourceQuality "1"]

{[%evp 13,58,-23,33,0,0,0,32,29,41,20,58,42,35,-1068,-52,-807,102,-1245,32,-1248,650,-1234,-86,-1163,-15,-1204,-100,-1231,-641,-1406,-531,-943,-50,-1178,83,-29999,-873,-29999,-655,-29994,-3,-29987,105,-29995,0,-29996,-18]} 1. e4 e5 2. Nf3 Nc6 3. d4 exd4 4. Nxd4 Bc5 5. Nb3 Bb6 6. Nc3 Nf6 7. Bg5 d6 (7... h6 $11 8. Bxf6 Qxf6) 8. f3 {C45: Scotch Game} h6 9. Bh4 g5 10. Bg3 {White is slightly better.} Qe7 11. Qd2 Bd7 12. h4 O-O-O $146 ({Predecessor:} 12... Rg8 13. O-O-O O-O-O 14. hxg5 hxg5 15. Rh6 Be6 16. Bb5 Bxb3 17. axb3 {1-0 (41) Navara,D (2726)-Malakhov,V (2691) Antalya 2017}) 13. Qxg5 $2 {[%mdl 8192]} (13. O-O-O $14) 13... Ne5 $2 (13... hxg5 $19 14. O-O-O g4) 14. Bxe5 $4 {[%mdl 8192]} (14. Qd2 $15) 14... Qxe5 $2 ({Better is} 14... hxg5 $19 15. Bxf6 Qxf6) 15. O-O-O $2 {[%mdl 8192]} (15. Qxe5 $16 dxe5 16. Bc4) 15... Be6 $2 ({Black should try} 15... hxg5 $19 16. Nd2 gxh4) 16. Kb1 $2 {[%mdl 8192]} (16. Qxe5 $14 dxe5 17. g4) 16... Be3 $4 {[%mdl 8192]} (16... hxg5 $19 17. a4 d5) 17. Nc1 $4 {[%mdl 8192]} (17. Qxe3 $18 Kb8 18. Nb5) 17... Qxg5 $2 (17... hxg5 $19 {and Black stays clearly on top.} 18. Nd3 Qa5) 18. g4 $2 {[%mdl 8192]} (18. hxg5 $17 hxg5 19. Bb5) 18... d5 $2 (18... Qe5 $19 19. Be2 Rhg8) 19. Bd3 $2 {[%mdl 8192]} (19. hxg5 $11 Bxg5 20. N1e2) 19... dxe4 $2 (19... Qf4 $19 {is more deadly.} 20. Rdf1 dxe4 21. Nxe4 Kb8) 20. Nxe4 $2 {[%mdl 8192]} (20. hxg5 $17 Nxg4 21. Bxe4) 20... Nxe4 21. Bxe4 f5 22. gxf5 Bxf5 $2 (22... Rxd1 $19 23. Rxd1 {[#]} Bxa2+ $1 {[%mdl 512]} 24. Kxa2 Qxh4) 23. Nd3 $2 {[%mdl 8192]} (23. hxg5 $15 Bxe4 24. Rxd8+ Rxd8 25. fxe4 hxg5 26. Rh3) 23... Bg1 $2 (23... Qh5 $19 24. Rde1 Bd4) 24. Nf4 $2 {[%mdl 8192] [#]} (24. hxg5 $16 Bxe4 25. fxe4) 24... c6 (24... Rxd1# $142) 25. Ng6 Kc7 (25... Rxd1# $142) 26. c4 Bd4 $2 (26... Bxe4+ 27. fxe4 Rxd1+ 28. Kc2 Qc1+ 29. Kb3 Rd3+ 30. Kb4 Qxb2+ {[%mdl 64] Double Attack} 31. Ka5 Ra3#) 27. Kc2 $2 {[%mdl 8192]} (27. hxg5 $11 Bxg6 28. Bxg6 hxg5 29. Rxh8 Bxh8 30. Rxd8 Kxd8 31. Kc2) 27... Bf6 $2 (27... Bxe4+ 28. fxe4 Qxg6 29. Rhe1 Qg3 30. Rf1 Qg2+ {[%mdl 64] Double Attack} 31. Rf2 Bxf2 32. Rd5 cxd5 33. Kb3 Qxe4 34. Ka3 Bc5+ 35. b4 Qb1 36. bxc5 a5 37. cxd5 Qb4#) 28. c5 $2 {[%mdl 8192]} (28. hxg5 $16 Bxg6 29. gxf6 Rxd1 30. Rxd1) 28... Be5 $2 (28... Qg2+ 29. Rd2 Qxd2+ 30. Kb3 Qxb2+ 31. Ka4 Qxa2+ 32. Kb4 a5#) 29. a4 $2 {[%mdl 8192]} (29. hxg5 $11 Bxg6 30. Bxg6 hxg5 31. Rxd8 Rxh1 32. Re8 Rh2+ 33. Kd3) 29... a5 $2 {Accuracy: White = 14%, Black = 11%.} (29... Qg2+ {mates} 30. Rd2 Qxd2+ 31. Kb3 Qxb2+ 32. Kc4 Rd4#) 1/2-1/2